=LDR 00000nam 2200000 4500 =001 INLIS000000000001376 =005 20130612085801 =008 ***********************************Ind** =035 ##$$0010-061300000001376 =041 ##$$a Ind =082 ##$$a 530.07 =090 ##$$a 530.07, Kon-k =245 ##$$a Konsep - konsep fisika untuk SLTP =260 ##$$a 1995 $b Semarang =300 ##$$a ...jil, ilus, 28 cm =650 ##$$a Fisika =650 ##$$a Studi dan Pengajaran =850 ##$$a NBPNMAT =990 ##$$a 0001/BPAP-NTB/2016